Klicke die Bundesländer auf einer grenzenlosen Karte an - Sudden Death - Statistiken

Allgemein
  • Dieses Quiz wurde 598 mal gespielt
  • Das Durchschnittsergebnis liegt bei 9 aus 16
Antworten auf der Karte
Die Antworten werden auf der Karte rot bzw. grün angezeigt, abhängig davon wie oft sie richtig erraten wurden.
 
Antwortstatistiken
Antwort % Korrekt
Baden-Württemberg
66%
Bayern
66%
Schleswig-Holstein
66%
Mecklenburg-Vorpommern
62%
Nordrhein-Westfalen
61%
Saarland
61%
Brandenburg
59%
Sachsen
58%
Rheinland-Pfalz
57%
Hessen
55%
Niedersachsen
55%
Sachsen-Anhalt
54%
Hamburg
52%
Thüringen
51%
Berlin
50%
Bremen
47%
Keine übereinstimmenden Quizze gefunden
Verteilung der Resultate
Anzahl Personen mit jedem Resultat
Perzentil nach korrekt beantworteten Fragen
Ihre Resultats-Entwicklung
Sie haben dieses Quiz noch nicht gespielt